Science framework for California public schools, kindergarten through grade twelve / (Record no. 25595)

000 -LEADER
fixed length control field 01366nam a2200301 a 4500
001 - CONTROL NUMBER
control field 3915838
003 - CONTROL NUMBER IDENTIFIER
control field OSt
005 - DATE AND TIME OF LATEST TRANSACTION
control field 20170131165908.0
008 - FIXED-LENGTH DATA ELEMENTS--GENERAL INFORMATION
fixed length control field 910930s1990 caua b s000 0 eng
010 ## - LIBRARY OF CONGRESS CONTROL NUMBER
LC control number 91200680
020 ## - INTERNATIONAL STANDARD BOOK NUMBER
International Standard Book Number 0801108705 :
Terms of availability $6.50
040 ## - CATALOGING SOURCE
Original cataloging agency DLC
Transcribing agency DLC
043 ## - GEOGRAPHIC AREA CODE
Geographic area code n-us-ca
050 00 - LIBRARY OF CONGRESS CALL NUMBER
Classification number LB1585.3 .S35 1990
082 00 - DEWEY DECIMAL CLASSIFICATION NUMBER
Classification number 507.1/0794
Edition number 20
110 1# - MAIN ENTRY--CORPORATE NAME
Corporate name or jurisdiction name as entry element California.
Subordinate unit State Board of Education.
245 10 - TITLE STATEMENT
Title Science framework for California public schools, kindergarten through grade twelve /
Statement of responsibility, etc. developed by the Science Curriculum Framework and Criteria Committee under the direction of the Curriculum Development and Supplemental Materials Committee ; adopted by the California State Board of Education.
260 ## - PUBLICATION, DISTRIBUTION, ETC. (IMPRINT)
Place of publication, distribution, etc. Sacramento, Calif. :
Name of publisher, distributor, etc. California Dept. of Education,
Date of publication, distribution, etc. c1990.
300 ## - PHYSICAL DESCRIPTION
Extent xii, 220 p. :
Other physical details ill. ;
Dimensions 28 cm.
500 ## - GENERAL NOTE
General note Includes bibliographical references (p. 218-219).
650 #0 - SUBJECT ADDED ENTRY--TOPICAL TERM
Topical term or geographic name as entry element Science
General subdivision Study and teaching (Elementary)
Geographic subdivision California.
650 #0 - SUBJECT ADDED ENTRY--TOPICAL TERM
Topical term or geographic name as entry element Science
General subdivision Study and teaching (Secondary)
Geographic subdivision California.
650 #0 - SUBJECT ADDED ENTRY--TOPICAL TERM
Topical term or geographic name as entry element Curriculum planning
Geographic subdivision California.
710 1# - ADDED ENTRY--CORPORATE NAME
Corporate name or jurisdiction name as entry element California.
Subordinate unit Science Curriculum Framework and Criteria Committee.
906 ## - LOCAL DATA ELEMENT F, LDF (RLIN)
a 7
b cbc
c orignew
d 3
e ncip
f 19
g y-gencatlg
942 ## - ADDED ENTRY ELEMENTS (KOHA)
Source of classification or shelving scheme
Koha item type Hard Covered Materials
Classification part LB1585.3 .S35 1990
Call number prefix 32953
Holdings
Withdrawn status Lost status Source of classification or shelving scheme Damaged status Not for loan Home library Current library Shelving location Date acquired Source of acquisition Total Checkouts Full call number Barcode Date last seen Price effective from Koha item type
          MACHAKOS UNIVERSITY LIBRARY MACHAKOS UNIVERSITY LIBRARY Technical section 31/01/2017 Donation(BFA)   LB1585.3 .S35 1990 32953 10/07/2018 31/01/2017 Hard Covered Materials
© Machakos University Library, Along The Highway, Machakos Wote Rd, Machakos, Kenya P.O. Box 136 - 90100 Machakos - Kenya

Tel: ( +254 ) 723 805829 OR Fax : 044-20353 OR Email: library@mksu.ac.ke